000 00580nam a22001937a 4500
999 _c195289
_d195289
005 20230317120313.0
010 _aENG-136451
020 _c150.00
_a9789391373719
035 _aEN-119983
037 _bDBAD/PUB
082 _a621.3822
100 _aMeenakumari,M
245 _aIntroduction To Signals And Systems /
_cBy M.Meenakumari
250 _aFirst
260 _bShanlax Publications
_aTamil Nadu
_c2015
270 _a61,66 T.P.K Main Road Vasantha Nagar ,Madurai
_bTamil Nadu
_e625003
300 _a78p.
_c24cm(pbk)
942 _2ddc
_cEN
_h621.3822
_mMEE